Datum a čas kvízu
20.5
Celkem bodů
Celkový počet nahraných bodů na tomto kvízu bez doplňovacích otázek.
13.
Pořadí na kvízu
Konečné umístění týmu na tomto kvízu.
Zaznamenané odpovědi
| # | Otázka | Odpověď | Body | Výsledky |
|---|---|---|---|---|
| 1. | Ve kterém městě byla dlouhou d... | Moravský Krumlov | 1 | |
| 2. | Katarzyna Kobro - Kobrová, Erz... | v České republice | 0 | |
| 3. | V letošní Asian Le Mans Series... | Ferdinand | 1 | |
| 4. | Vídeňský Museum Quartier zná v... | o Budapešti | 1 | |
| 5. | Která země V4 měla dnes v 9:35... | Maďarsko | 0 | |
| 6. | Jak se jmenuje město, které se... | Žitava | 0 | |
| 7. | Jak se nazývá válka mezi Polsk... | sedmidenní válka | 0 | |
| 8. | Pojmenujte dětskou operu, kter... | Brundibár | 0 | |
| 9. | Hnutí Solidarność vzniklo v ro... | Gdaňsk | 1 | |
| 10. | V roce 2019 putovala Nobelova... | Peter Handke | 0 |